Statistics for Scheduled Direct Flights between EU and Chinese Cities

Click here to take the quiz!

General Stats

  • This quiz has been taken 597 times
  • The average score is 30 of 38

Answer Stats

Answer% Correct
London (Gatwick)
99%
London (Heathrow)
99%
London (Heathrow/Gatwick)
99%
Paris
97%
Beijing
95%
Madrid
95%
Rome
95%
Shanghai
95%
Amsterdam
94%
Frankfurt
94%
Hong Kong
94%
Helsinki
93%
Vienna
92%
Munich
90%
Stockholm
89%
Guangzhou
87%
Copenhagen
86%
Milan
85%
Barcelona
84%
Warsaw
84%
Berlin
82%
Chengdu
75%
Xi'an
73%
Brussels
72%
Wuhan
71%
Shenzhen
70%
Taipei
68%
Manchester
65%
Prague
65%
Budapest
64%
Chongqing
63%
Xiamen
63%
Nanjing
56%
Hangzhou
54%
Dusseldorf
46%
Qingdao
44%
Changsha
41%
Kunming
41%

Score Distribution

Percentile by Number Answered

Percent of People with Each Score

Your Score History

You have not taken this quiz